000 02169nam a22003618i 4500
001 BDZ0055849116
003 StDuBDS
005 20250318131411.0
006 m|||||o||d||||||||
007 cr |||||||||||
008 240909s2024 enk fo 000|0 eng|d
020 _a9781036407858 (ebook) :
_c77.99
040 _aStDuBDS
_beng
_erda
_epn
_cStDuBDS
_dStDuBDSZ
050 4 _aHD1387
_b.O5 2024
072 7 _aECO
_2ukslc
072 7 _aKC
_2bicssc
072 7 _aKC
_2thema
082 0 4 _a333.3320151
_223
100 1 _aOnwuanyi, Ndubisi,
_eauthor.
245 1 0 _aIntroductory property valuation mathematics
_cNdubisi Onwuanyi.
_h[electronic resource] /
264 1 _aNewcastle upon Tyne :
_bCambridge Scholars Publishing,
_c2024.
300 _a1 online resource
336 _atext
_2rdacontent
337 _acomputer
_2rdamedia
338 _aonline resource
_2rdacarrier
366 _b20240902
_cAvailable
520 8 _aThis book introduces the subject of valuation. It comprehensively explains basic concepts which connect valuation with economics such as price, value, rent and property market origins, characteristics and functions. However, the core issue is how the book handles the calculations required for property valuations. The valuation formulae are classified in helpful ways which highlight main formulae and their variants, relationships and functions. Many worked examples are used to demonstrate comprehensively the formulae?Ts relationships and functions. However, innovation is introduced by calculations done in both a forward and backward manner. Through this method, the answer to an initial worked example becomes a new question which is solved by a reverse calculation process to produce an answer corresponding to the initial question. This particularly illuminating approach enables effective and enduring learning and understanding.
588 _aDescription based on CIP data; resource not viewed.
650 0 _aVALUATION
650 0 _aEBOOK
856 4 0 _uhttps://www.vlebooks.com/product/openreader?id=RICS&accId=9491556&isbn=9781036407858
_zAvailable on VLeBooks (email [email protected] if you do not have a login)
942 _2ddc
999 _c122125
_d122125